The Noble Quran, Part-2: (Record no. 20751)
[ view plain ]
| 000 -LEADER | |
|---|---|
| fixed length control field | 00506nam a22001697a 4500 |
| 003 - CONTROL NUMBER IDENTIFIER | |
| control field | BDDh-ASL |
| 005 - DATE AND TIME OF LATEST TRANSACTION | |
| control field | 20231015025930.0 |
| 008 - FIXED-LENGTH DATA ELEMENTS--GENERAL INFORMATION | |
| fixed length control field | 210113s1964 pk ||||| |||| 00| 0 eng d |
| 040 ## - CATALOGING SOURCE | |
| Transcribing agency | BDDh-ASL |
| 082 ## - DEWEY DECIMAL CLASSIFICATION NUMBER | |
| Classification number | 297.12 |
| Item number | QUN |
| 245 04 - TITLE STATEMENT | |
| Title | The Noble Quran, Part-2: |
| Remainder of title | (Arabic Text, English Translation & Commentary) / |
| 260 ## - PUBLICATION, DISTRIBUTION, ETC. | |
| Place of publication, distribution, etc. | Karachi: |
| Name of publisher, distributor, etc. | Maktaba-E- Matloob, |
| Date of publication, distribution, etc. | 1964. |
| 300 ## - PHYSICAL DESCRIPTION | |
| Extent | 64 p.: |
| Dimensions | 24 cm. |
| 650 #0 - SUBJECT ADDED ENTRY--TOPICAL TERM | |
| 9 (RLIN) | 1652 |
| Topical term or geographic name entry element | Islam |
| 700 1# - ADDED ENTRY--PERSONAL NAME | |
| 9 (RLIN) | 2744 |
| Personal name | Hasan, Mahmood |
| Titles and other words associated with a name | Sheikh-ul-Hind Maulana |
| 942 ## - ADDED ENTRY ELEMENTS (KOHA) | |
| Source of classification or shelving scheme | Dewey Decimal Classification |
| Koha item type | Books |
| Withdrawn status | Lost status | Source of classification or shelving scheme | Damaged status | Not for loan | Collection code | Home library | Current library | Shelving location | Date acquired | Source of acquisition | Total Checkouts | Full call number | Barcode | Date last seen | Copy number | Price effective from | Koha item type |
|---|---|---|---|---|---|---|---|---|---|---|---|---|---|---|---|---|---|
| Dewey Decimal Classification | Non-fiction | Asiatic Society Library | Asiatic Society Library | General Stacks | 01/13/2021 | ASB Collection | 297.12 QUN | 104231 | 01/13/2021 | C-1 | 01/13/2021 | Books |